000 00890nam a2200217 a 4500
020 _a9231024760 (pbk.)
082 0 0 _a628.16832
_bHAI
_cL-23, P-29
245 0 4 _aThe Process of water resources project planning :
_ba systems approach : Project A 4.3 of the International Hydrological Programme : report /
_cprepared by the project team editorial board, Y.Y. Haimes, chairman, J. Kindler, E. J. Plate.
260 _aParis :
_bUnesco,
_c1987.
300 _a196 p. :
_bill. ;
_c30 cm.
526 _a0
_b0
_c0
_d628_168320000000000_HAI
526 _a0
_b0
_c0
_d628_168320000000000_HAI
650 0 _aMCE
_9379
650 0 _aSystem analysis.
_92233
650 0 _aWater resources development
_xPlanning.
_944276
700 1 _aHaimes, Yacov Y.
_944277
700 1 _aKindler, J.
_944278
700 1 _aPlate, Erich J.
_944279
710 2 _aInternational Hydrological Programme.
_944280
942 _2ddc
_cBK
999 _c548113
_d548113